| 000 | 00662nam a2200217 i 4500 | ||
|---|---|---|---|
| 001 | 73410 | ||
| 003 | ES-MaACL | ||
| 005 | 20240417063034.0 | ||
| 007 | t| | ||
| 008 | 041008s2003 sp ||||1| spa d | ||
| 020 | _a84-9705-500-4 | ||
| 080 | _a821.134.2-14"19" | ||
| 100 | 0 |
_aLobato, Joaquín _d1943-2005 _972997 |
|
| 245 | 1 | 3 |
_aEl aroma del verano en el vuelo / _cJoaquín Lobato. |
| 260 |
_aValencia : _bEditorial de la UPV, _c[2003] |
||
| 300 |
_a82 p. : _bil. col. ; _c22 cm. |
||
| 490 | 1 | _aColección Letras humanas | |
| 830 | 0 |
_aColección Letras humanas _9184298 |
|
| 852 |
_aES-MaACL _jL-28196 _bR.134036 |
||
| 999 |
_c73410 _d73410 |
||